[Event "NB II. Asztalos csoport"]
[Site "Szentlorinc"]
[Date "2023.10.08"]
[Round "1.3"]
[White "Kiss, Lajos"]
[Black "Drinoczi, Peter"]
[Result "1-0"]
[WhiteElo "2167"]
[BlackElo "2055"]
[PlyCount "65"]
[EventDate "2023.10.08"]
[EventType "team-tourn"]
[EventRounds "9"]
[EventCountry "HUN"]
[Source "chess.hu"]
[WhiteTeam "Decs 1990"]
[BlackTeam "Szentlorinc"]
[WhiteTeamCountry "HUN"]
[BlackTeamCountry "HUN"]

1. d4 Nf6 2. c4 g6 3. Nc3 Bg7 4. e4 d6 5. Nf3 O-O 6. Be2 Nbd7 7. O-O e5 8. Be3
Ng4 9. Bg5 f6 10. Bc1 h5 11. h3 Nh6 12. Be3 Nf7 13. Nh4 Nh8 14. g3 Nb8 15. Kh2
Nc6 16. d5 Ne7 17. f4 f5 18. Bd3 exf4 19. Bxf4 Nf7 20. exf5 Qd7 21. Nxg6 Nxg6
22. Qxh5 Nxf4 23. Rxf4 Ne5 24. Bc2 Qf7 25. Qe2 Bd7 26. Raf1 Bf6 27. Ne4 Rae8
28. g4 Bh4 29. g5 Qh7 30. Qg2 Kh8 31. g6 Rg8 32. gxh7 Rxg2+ 33. Kxg2 1-0

[Event "NB II. Asztalos csoport"]
[Site "Szentlorinc"]
[Date "2023.10.08"]
[Round "1.4"]
[White "Tompos, Antal"]
[Black "Nagybiro, Laszlo"]
[Result "1/2-1/2"]
[WhiteElo "2153"]
[BlackElo "2110"]
[PlyCount "84"]
[EventDate "2023.10.08"]
[EventType "team-tourn"]
[EventRounds "9"]
[EventCountry "HUN"]
[Source "chess.hu"]
[WhiteTeam "Szentlorinc"]
[BlackTeam "Decs 1990"]
[WhiteTeamCountry "HUN"]
[BlackTeamCountry "HUN"]

1. d4 Nf6 2. Nc3 d5 3. Bg5 Nbd7 4. Nf3 e6 5. e4 dxe4 6. Nxe4 Be7 7. Bd3 Nxe4 8.
Bxe7 Qxe7 9. Bxe4 Qb4+ 10. Qd2 Qxd2+ 11. Kxd2 O-O 12. Rhe1 Nf6 13. Bd3 b6 14.
Ng5 Bb7 15. f3 Rad8 16. c3 c5 17. dxc5 Ba6 18. Re3 bxc5 19. Kc2 Nd5 20. Bxh7+
Kh8 21. Re4 f6 22. Nxe6 Kxh7 23. Nxf8+ Rxf8 24. Rae1 Rf7 25. a3 Bc8 26. c4 Nb6
27. Kc3 Rb7 28. b3 Bd7 29. h3 Kg6 30. g4 a5 31. Rd1 Nc8 32. a4 Kf7 33. f4 Ne7
34. Rd6 Nc6 35. Re3 Nd4 36. Rxd4 cxd4+ 37. Kxd4 Rb6 38. Kc5 Rc6+ 39. Kd5 Ra6
40. f5 Rb6 41. c5 Ra6 42. Kc4 Rc6 1/2-1/2

[Event "NB II. Asztalos csoport"]
[Site "Szentlorinc"]
[Date "2023.10.08"]
[Round "1.5"]
[White "Gal, Peter"]
[Black "Kohalmi, Endre Jr"]
[Result "1-0"]
[WhiteElo "2027"]
[BlackElo "2004"]
[PlyCount "65"]
[EventDate "2023.10.08"]
[EventType "team-tourn"]
[EventRounds "9"]
[EventCountry "HUN"]
[Source "chess.hu"]
[WhiteTeam "Decs 1990"]
[BlackTeam "Szentlorinc"]
[WhiteTeamCountry "HUN"]
[BlackTeamCountry "HUN"]

1. d4 Nf6 2. c4 g6 3. Nc3 Bg7 4. e4 d6 5. Be2 O-O 6. Be3 e5 7. Nf3 Ng4 8. Bg5
f6 9. Bh4 g5 10. Bg3 Nc6 11. d5 Ne7 12. Nd2 Nh6 13. Qc2 c6 14. f3 cxd5 15. Nxd5
Nxd5 16. cxd5 Rf7 17. Bf2 Bd7 18. Nc4 Bf8 19. a4 f5 20. Qb3 Rc8 21. a5 g4 22.
Bxa7 gxf3 23. gxf3 Rg7 24. Rg1 Qh4+ 25. Kd2 fxe4 26. Rxg7+ Bxg7 27. Nxd6 Rd8
28. Nxb7 Rf8 29. Nc5 Bf5 30. fxe4 Bxe4 31. Ne6 Ra8 32. Qb7 Rxa7 33. Qb8+ 1-0

[Event "NB II. Asztalos csoport"]
[Site "Szentlorinc"]
[Date "2023.10.08"]
[Round "1.7"]
[White "Werner, Anna"]
[Black "Horvath, Gergely"]
[Result "1/2-1/2"]
[WhiteElo "1934"]
[BlackElo "1884"]
[PlyCount "76"]
[EventDate "2023.10.08"]
[EventType "team-tourn"]
[EventRounds "9"]
[EventCountry "HUN"]
[Source "chess.hu"]
[WhiteTeam "Decs 1990"]
[BlackTeam "Szentlorinc"]
[WhiteTeamCountry "HUN"]
[BlackTeamCountry "HUN"]

1. d4 d5 2. c4 e6 3. Nc3 Nf6 4. cxd5 exd5 5. Bg5 c6 6. Qc2 Be7 7. e3 Bg4 8. Bd3
Bh5 9. Nge2 Bg6 10. Ng3 Bxd3 11. Qxd3 h6 12. Bf4 Na6 13. Nf5 Bf8 14. O-O g6 15.
Ng3 Bg7 16. Rac1 Nc7 17. b4 Ne6 18. Be5 O-O 19. b5 Rc8 20. bxc6 bxc6 21. Rb1
Ne8 22. Bxg7 Kxg7 23. Rb7 Rc7 24. Rfb1 Nd6 25. Rxc7 Qxc7 26. Qa6 Re8 27. h3 h5
28. Nf1 Kh7 29. Nd2 f5 30. Nf3 f4 31. Ne5 fxe3 32. fxe3 Nd8 33. Rc1 Qe7 34. Qd3
Qg5 35. Rf1 Nf5 36. Rf3 Nh4 37. Rf2 Nf5 38. Rf3 Nh4 1/2-1/2

[Event "NB II. Asztalos csoport"]
[Site "Szentlorinc"]
[Date "2023.10.08"]
[Round "1.9"]
[White "B.Garai, Lehel"]
[Black "Jerant, Gyorgy"]
[Result "0-1"]
[WhiteElo "1884"]
[BlackElo "1929"]
[PlyCount "96"]
[EventDate "2023.10.08"]
[EventType "team-tourn"]
[EventRounds "9"]
[EventCountry "HUN"]
[Source "chess.hu"]
[WhiteTeam "Decs 1990"]
[BlackTeam "Szentlorinc"]
[WhiteTeamCountry "HUN"]
[BlackTeamCountry "HUN"]

1. e4 c5 2. c3 d5 3. exd5 Qxd5 4. d4 e6 5. Nf3 Nc6 6. Be2 Nf6 7. O-O Be7 8. h3
cxd4 9. cxd4 O-O 10. Nc3 Qd7 11. Bb5 Qc7 12. Be3 a6 13. Bd3 Nb4 14. Bb1 b5 15.
a3 Nbd5 16. Qd3 Bb7 17. Ng5 g6 18. Ba2 Nxc3 19. bxc3 Bd5 20. a4 Bxa2 21. Rxa2
Nd5 22. Ne4 Qc4 23. Qxc4 bxc4 24. Rb2 f5 25. Nc5 f4 26. Bd2 Bxc5 27. dxc5 Rac8
28. Re1 Rfe8 29. Re4 Rxc5 30. Bxf4 Nxc3 31. Re1 Nd5 32. Be5 Kf7 33. Re4 Rc6 34.
Rh4 Kg8 35. Rb7 Ne7 36. Bc3 e5 37. Kh2 g5 38. Rh5 h6 39. h4 Nd5 40. hxg5 Nxc3
41. gxh6 Nd5 42. g4 c3 43. g5 c2 44. Rg7+ Kh8 45. g6 Rxg6 46. Rxg6 c1=Q 47.
Rhg5 Qf4+ 48. Kg1 Rf8 0-1

[Event "NB II. Asztalos csoport"]
[Site "Szentlorinc"]
[Date "2023.10.08"]
[Round "1.10"]
[White "Csoszi, Csenge"]
[Black "Kaszas, Kristof"]
[Result "0-1"]
[WhiteElo "1704"]
[BlackElo "1808"]
[PlyCount "126"]
[EventDate "2023.10.08"]
[EventType "team-tourn"]
[EventRounds "9"]
[EventCountry "HUN"]
[Source "chess.hu"]
[WhiteTeam "Szentlorinc"]
[BlackTeam "Decs 1990"]
[WhiteTeamCountry "HUN"]
[BlackTeamCountry "HUN"]

1. e4 c5 2. Nf3 d6 3. d4 cxd4 4. Nxd4 Nf6 5. Nc3 g6 6. Be3 Bg7 7. Bb5+ Bd7 8.
O-O O-O 9. f3 Nc6 10. Nxc6 bxc6 11. Ba4 Qa5 12. Bb3 Rfc8 13. Ne2 c5 14. Bc4 Qb4
15. b3 Ne8 16. a3 Qa5 17. Bd2 Qb6 18. Nc3 e6 19. Rb1 Bc6 20. a4 Nc7 21. a5 Qb7
22. Re1 d5 23. exd5 exd5 24. Bf1 a6 25. Ne2 Ne6 26. b4 c4 27. Bc3 Qa7+ 28. Kh1
d4 29. Bd2 c3 30. Bc1 Rd8 31. Nf4 Qd7 32. Bc4 Nc7 33. Nd3 Qf5 34. Bf4 Ne6 35.
Bg3 Re8 36. Ne5 Ba4 37. Bd3 Qh5 38. Nc4 Bc6 39. Nd6 Red8 40. Ne4 Bd5 41. Nf2 f6
42. Be4 Ra7 43. b5 Bxe4 44. Rxe4 Qd5 45. b6 Rb7 46. Qe2 Nc5 47. Re8+ Rxe8 48.
Qxe8+ Bf8 49. Ne4 Nxe4 50. fxe4 Qa2 51. Rf1 Re7 52. Qxe7 Bxe7 53. b7 Qxc2 54.
b8=Q+ Kf7 55. Qb7 Qd3 56. Qb3+ Kg7 57. Re1 Qd2 58. Qe6 Kf8 59. Rf1 c2 60. Qc8+
Kg7 61. Bf4 Qe2 62. Rc1 d3 63. Qc7 Qd1+ 0-1

[Event "NB II. Asztalos csoport"]
[Site "Szentlorinc"]
[Date "2023.10.08"]
[Round "1.11"]
[White "Holczl, Attila"]
[Black "Fabian, Zsombor"]
[Result "1-0"]
[WhiteElo "1914"]
[BlackElo "1556"]
[PlyCount "73"]
[EventDate "2023.10.08"]
[EventType "team-tourn"]
[EventRounds "9"]
[EventCountry "HUN"]
[Source "chess.hu"]
[WhiteTeam "Decs 1990"]
[BlackTeam "Szentlorinc"]
[WhiteTeamCountry "HUN"]
[BlackTeamCountry "HUN"]

1. d4 Nf6 2. Nf3 g6 3. c4 Bg7 4. Nc3 d5 5. h3 O-O 6. cxd5 Nxd5 7. e4 Nxc3 8.
bxc3 c5 9. Be2 Nc6 10. Be3 cxd4 11. cxd4 Qa5+ 12. Bd2 Qb6 13. Rb1 Qd8 14. Be3
Re8 15. Qd2 e5 16. d5 Nd4 17. O-O Nxf3+ 18. Bxf3 b6 19. Be2 Bb7 20. Bb5 Re7 21.
Rbc1 Rc7 22. Qb2 Rac8 23. Bd2 Rxc1 24. Rxc1 a6 25. Bd3 Rxc1+ 26. Qxc1 b5 27.
Qc3 Bxd5 28. exd5 e4 29. Qb3 exd3 30. Qxd3 Qd6 31. g3 h5 32. Bf4 Be5 33. Bxe5
Qxe5 34. d6 Qe8 35. d7 Qd8 36. Qd6 a5 37. Qc6 1-0

[Event "NB II. Asztalos csoport"]
[Site "Szentlorinc"]
[Date "2023.10.08"]
[Round "1.12"]
[White "Antal, Daniel"]
[Black "B.Garai, Etelka"]
[Result "1/2-1/2"]
[WhiteElo "1372"]
[BlackElo "1394"]
[PlyCount "79"]
[EventDate "2023.10.08"]
[EventType "team-tourn"]
[EventRounds "9"]
[EventCountry "HUN"]
[Source "chess.hu"]
[WhiteTeam "Szentlorinc"]
[BlackTeam "Decs 1990"]
[WhiteTeamCountry "HUN"]
[BlackTeamCountry "HUN"]

1. d4 Nf6 2. c4 g6 3. Nc3 Bg7 4. e4 d6 5. f3 O-O 6. Be3 Nbd7 7. Nge2 e5 8. d5
a5 9. g4 Nc5 10. Ng3 Kh8 11. Qd2 Ng8 12. h4 h6 13. O-O-O Bd7 14. h5 g5 15. Nf5
Bxf5 16. gxf5 f6 17. Bxc5 dxc5 18. Bd3 Qd6 19. Bc2 Rfb8 20. Ba4 Bf8 21. Qc2 Qb6
22. Rd2 Bd6 23. Rhd1 Ne7 24. Rd3 Nc8 25. Nb5 Qa6 26. Rb3 Nb6 27. Nxd6 cxd6 28.
Bb5 Qa7 29. Ra3 Rd8 30. Qc3 Nd7 31. Bxd7 Rxd7 32. Ra4 b6 33. Qd3 Qb8 34. Ra3
Rb7 35. Rb3 a4 36. Rb5 Ra5 37. Rd2 Qa7 38. Rc2 Rxb5 39. cxb5 Qa5 40. Rc3
1/2-1/2

[Event "NB II. Asztalos csoport"]
[Site "Komlo"]
[Date "2023.10.08"]
[Round "1.1"]
[White "Katai, David"]
[Black "Lantos, Levente"]
[Result "1-0"]
[WhiteElo "2165"]
[BlackElo "2087"]
[PlyCount "51"]
[EventDate "2023.10.08"]
[EventType "team-tourn"]
[EventRounds "9"]
[EventCountry "HUN"]
[Source "chess.hu"]
[WhiteTeam "Kaposvari Bastya SE"]
[BlackTeam "Komloi BSK"]
[WhiteTeamCountry "HUN"]
[BlackTeamCountry "HUN"]

1. e4 c5 2. Nf3 d6 3. d4 cxd4 4. Nxd4 Nf6 5. Nc3 a6 6. Be3 e5 7. Nb3 Be6 8. f3
Be7 9. Qd2 Nbd7 10. O-O-O O-O 11. g4 b5 12. Kb1 Nb6 13. g5 Nfd7 14. h4 Qc7 15.
h5 Nc4 16. Bxc4 bxc4 17. Nc1 Rab8 18. g6 Qb7 19. b3 fxg6 20. hxg6 Nf6 21. Nd5
Nxd5 22. Rxh7 Nf4 23. Bxf4 Rxf4 24. Qh2 Kf8 25. Rh8+ Bg8 26. Rxg8+ 1-0

[Event "NB II. Asztalos csoport"]
[Site "Komlo"]
[Date "2023.10.08"]
[Round "1.3"]
[White "Galambos, Tivadar"]
[Black "Nemeth, Attila Janos"]
[Result "0-1"]
[WhiteElo "1928"]
[BlackElo "1924"]
[PlyCount "80"]
[EventDate "2023.10.08"]
[EventType "team-tourn"]
[EventRounds "9"]
[EventCountry "HUN"]
[Source "chess.hu"]
[WhiteTeam "Kaposvari Bastya SE"]
[BlackTeam "Komloi BSK"]
[WhiteTeamCountry "HUN"]
[BlackTeamCountry "HUN"]

1. e4 e6 2. d4 d5 3. exd5 exd5 4. Nf3 Bd6 5. c4 c6 6. Nc3 Nf6 7. Bg5 Qe7+ 8.
Qe2 dxc4 9. Bxf6 gxf6 10. Qxe7+ Kxe7 11. Bxc4 Be6 12. d5 Bg4 13. Nh4 b5 14. Bb3
Bb4 15. Rc1 c5 16. O-O c4 17. Bd1 Bd7 18. Bf3 Bd6 19. Ne4 f5 20. Ng3 Kf6 21.
Bd1 Bf4 22. Nh5+ Kg5 23. Nxf4 Kxf4 24. Re1 Re8 25. Bc2 Na6 26. a3 Nc5 27. f3
Kg5 28. g3 Kf6 29. Kf2 a5 30. Ng2 Rxe1 31. Rxe1 Nb7 32. Ne3 Nd6 33. Rd1 Ke5 34.
Re1 Kf6 35. Rd1 Rc8 36. Rd4 b4 37. axb4 axb4 38. Rh4 b3 39. Rh6+ Ke7 40. Nxc4
bxc2 0-1

[Event "NB II. Asztalos csoport"]
[Site "Komlo"]
[Date "2023.10.08"]
[Round "1.4"]
[White "Bator, Balazs"]
[Black "Kadlicsko, Jozsef"]
[Result "1-0"]
[WhiteElo "1953"]
[BlackElo "2027"]
[PlyCount "69"]
[EventDate "2023.10.08"]
[EventType "team-tourn"]
[EventRounds "9"]
[EventCountry "HUN"]
[Source "chess.hu"]
[WhiteTeam "Komloi BSK"]
[BlackTeam "Kaposvari Bastya SE"]
[WhiteTeamCountry "HUN"]
[BlackTeamCountry "HUN"]

1. e4 c6 2. d4 d5 3. e5 Bf5 4. c3 e6 5. Be3 Qb6 6. Qb3 Nd7 7. Nd2 Ne7 8. Ngf3
h6 9. h4 a5 10. a4 Qxb3 11. Nxb3 b6 12. h5 Bc2 13. Nc1 Kd8 14. Nd3 Kc7 15. g4
Nc8 16. Kd2 Bb3 17. g5 Be7 18. g6 f5 19. Nf4 Nf8 20. Kc1 Bc4 21. Bxc4 dxc4 22.
Nd2 b5 23. axb5 cxb5 24. Nf3 Bg5 25. d5 exd5 26. Nxd5+ Kc6 27. Bxg5 Kxd5 28.
Rd1+ Ke4 29. Re1+ Kxf3 30. Re3+ Kxf2 31. Kd2 hxg5 32. Rae1 Ne6 33. R1e2+ Kf1
34. Rf3+ Kg1 35. Ke1 1-0

[Event "NB II. Asztalos csoport"]
[Site "Komlo"]
[Date "2023.10.08"]
[Round "1.6"]
[White "Szaz, Ferenc"]
[Black "Marcsingo, Jozsef"]
[Result "1-0"]
[WhiteElo "1897"]
[BlackElo "1745"]
[PlyCount "65"]
[EventDate "2023.10.08"]
[EventType "team-tourn"]
[EventRounds "9"]
[EventCountry "HUN"]
[Source "chess.hu"]
[WhiteTeam "Komloi BSK"]
[BlackTeam "Kaposvari Bastya SE"]
[WhiteTeamCountry "HUN"]
[BlackTeamCountry "HUN"]

1. d4 d5 2. c4 e6 3. Nc3 Nf6 4. Nf3 Be7 5. Bg5 O-O 6. e3 Nbd7 7. Rc1 c6 8. Bd3
dxc4 9. Bxc4 Nd5 10. Bxe7 Qxe7 11. O-O Nxc3 12. Rxc3 e5 13. d5 cxd5 14. Qxd5 e4
15. Nd4 Nb6 16. Qa5 Nxc4 17. Rxc4 b6 18. Qb5 Bd7 19. Qd5 Rac8 20. Rfc1 Rxc4 21.
Rxc4 Rc8 22. Rxc8+ Bxc8 23. Qa8 Qb7 24. Qxb7 Bxb7 25. h4 h5 26. Kh2 g6 27. Kg3
a6 28. Kf4 f6 29. a3 Kf7 30. Ne2 Ke6 31. Nc3 f5 32. Kg5 Kf7 33. Ne2 1-0

[Event "NB II. Asztalos csoport"]
[Site "Komlo"]
[Date "2023.10.08"]
[Round "1.7"]
[White "Makaresz, Ferenc"]
[Black "Pater, Peter"]
[Result "1/2-1/2"]
[WhiteElo "1825"]
[BlackElo "1752"]
[PlyCount "131"]
[EventDate "2023.10.08"]
[EventType "team-tourn"]
[EventRounds "9"]
[EventCountry "HUN"]
[Source "chess.hu"]
[WhiteTeam "Kaposvari Bastya SE"]
[BlackTeam "Komloi BSK"]
[WhiteTeamCountry "HUN"]
[BlackTeamCountry "HUN"]

1. d4 Nf6 2. h3 g6 3. Bf4 Bg7 4. e3 d6 5. Nf3 Nbd7 6. Be2 O-O 7. O-O b6 8. Nbd2
Bb7 9. c4 Qe8 10. Qc2 e5 11. dxe5 dxe5 12. Bh2 Qe7 13. Rad1 Ne8 14. Ne4 f5 15.
Nc3 c6 16. a3 Nc7 17. b4 Rfd8 18. Rd2 Ne6 19. Rfd1 e4 20. Nd4 Nxd4 21. exd4 Bh6
22. d5 Bxd2 23. Qxd2 cxd5 24. cxd5 Rac8 25. Bf4 Nf6 26. d6 Qe6 27. Bg5 Rc6 28.
Nd5 Nxd5 29. Bxd8 Rxd6 30. Bg5 Rd7 31. Bc4 Bc6 32. b5 Bb7 33. Bf4 Kf7 34. a4
Ke8 35. Bg3 e3 36. Qd4 exf2+ 37. Bxf2 Qf6 38. Re1+ Kf8 39. Re5 Qd6 40. Bg3 Qa3
41. Bf4 Qc5 42. Qxc5+ bxc5 43. Bd2 Kf7 44. Bc3 Kf8 45. Bd2 Kf7 46. Bg5 Kg7 47.
a5 Nc3 48. Be3 Ne4 49. a6 Ba8 50. Bxc5 Nxc5 51. Rxc5 Kf6 52. Rc8 Be4 53. Be2
Ke5 54. Rb8 Kd6 55. Kf2 Kc7 56. Re8 Kb6 57. Re6+ Ka5 58. g4 Bd3 59. gxf5 Bxf5
60. Re3 h5 61. Kg3 Kb6 62. Re5 Rc7 63. Bxh5 Rc3+ 64. Bf3 Bxh3 65. Kf4 Rc5 66.
Bc6 1/2-1/2

[Event "NB II. Asztalos csoport"]
[Site "Komlo"]
[Date "2023.10.08"]
[Round "1.8"]
[White "Kadar, Gabor"]
[Black "Szotak, Laszlo"]
[Result "1-0"]
[WhiteElo "1869"]
[BlackElo "1876"]
[PlyCount "52"]
[EventDate "2023.10.08"]
[EventType "team-tourn"]
[EventRounds "9"]
[EventCountry "HUN"]
[Source "chess.hu"]
[WhiteTeam "Komloi BSK"]
[BlackTeam "Kaposvari Bastya SE"]
[WhiteTeamCountry "HUN"]
[BlackTeamCountry "HUN"]

1. e4 c5 2. Nc3 e6 3. g3 Nc6 4. Bg2 Nf6 5. d3 d5 6. Nh3 d4 7. Ne2 Be7 8. O-O
O-O 9. Kh1 e5 10. Ng5 h6 11. Nf3 Be6 12. Nh4 Qd7 13. f4 Bh3 14. fxe5 Bxg2+ 15.
Kxg2 Nxe5 16. Nf5 Kh7 17. Nxe7 Qxe7 18. h3 Qd7 19. Rf5 Qe6 20. g4 g5 21. Ng3 b6
22. Qe2 Rae8 23. Bd2 Ng6 24. Kh2 Nh4 25. Rf2 Qd6 26. Raf1 Kg7 1-0

[Event "NB II. Asztalos csoport"]
[Site "Komlo"]
[Date "2023.10.08"]
[Round "1.9"]
[White "Illes, Attila Dr"]
[Black "Berci, Gyula"]
[Result "1-0"]
[WhiteElo "1872"]
[BlackElo "1861"]
[PlyCount "103"]
[EventDate "2023.10.08"]
[EventType "team-tourn"]
[EventRounds "9"]
[EventCountry "HUN"]
[Source "chess.hu"]
[WhiteTeam "Kaposvari Bastya SE"]
[BlackTeam "Komloi BSK"]
[WhiteTeamCountry "HUN"]
[BlackTeamCountry "HUN"]

1. d4 e6 2. Nf3 d5 3. Bg5 Nf6 4. e3 c5 5. c3 Nc6 6. Bd3 cxd4 7. exd4 Be7 8.
Nbd2 h6 9. Bh4 a6 10. Qe2 b5 11. a3 Bb7 12. O-O O-O 13. Rfe1 Rc8 14. Ne5 Na5
15. Rab1 Nc4 16. Ndf3 Nh5 17. Bxe7 Qxe7 18. g3 Nf6 19. Nh4 Nxe5 20. Qxe5 Nd7
21. Nf5 Nxe5 22. Nxe7+ Kh8 23. Nxc8 Nf3+ 24. Kf1 Nxe1 25. Nd6 Nxd3 26. Nxb7 e5
27. dxe5 Nxe5 28. Rd1 Nc4 29. b4 Rb8 30. Nc5 Rb6 31. Rxd5 Nxa3 32. Rd8+ Kh7 33.
Ra8 Nb1 34. Rxa6 Rxa6 35. Nxa6 Nxc3 36. Ke1 Kg6 37. Kd2 Ne4+ 38. Ke3 Kf5 39. f3
Nd6 40. Kd4 Ke6 41. Kc5 Kd7 42. Nb8+ Kc7 43. Nc6 f6 44. Nd4 Kd7 45. Nxb5 Nf5
46. Nd4 Ne3 47. g4 g6 48. b5 Kc8 49. Kd6 h5 50. h3 f5 51. gxf5 gxf5 52. Ke5 1-0

[Event "NB II. Asztalos csoport"]
[Site "Komlo"]
[Date "2023.10.08"]
[Round "1.10"]
[White "Gyorgy, Gergely"]
[Black "Palavics, Krisztian"]
[Result "0-1"]
[WhiteElo "1703"]
[BlackElo "1693"]
[PlyCount "64"]
[EventDate "2023.10.08"]
[EventType "team-tourn"]
[EventRounds "9"]
[EventCountry "HUN"]
[Source "chess.hu"]
[WhiteTeam "Komloi BSK"]
[BlackTeam "Kaposvari Bastya SE"]
[WhiteTeamCountry "HUN"]
[BlackTeamCountry "HUN"]

1. e4 c6 2. d4 d5 3. Nc3 dxe4 4. Nxe4 Bf5 5. Ng3 Bg6 6. h4 h6 7. Bd3 Bxd3 8.
Qxd3 Nf6 9. Nf3 Nbd7 10. O-O e6 11. Bf4 Be7 12. Ne5 Nd5 13. Qf3 Nxf4 14. Qxf4
Nxe5 15. dxe5 Bxh4 16. Ne4 O-O 17. Rad1 Qe7 18. Rd3 Bg5 19. Qh2 f5 20. Nxg5
Qxg5 21. Rg3 Qd2 22. Qh5 f4 23. Rg6 f3 24. g4 Rae8 25. Kh1 Re7 26. Qh4 Rff7 27.
Rg1 Kf8 28. g5 Rf4 29. Rg4 Rxg4 30. Qxg4 Qe1+ 31. Qg1 Qxg1+ 32. Kxg1 Kf7 0-1

[Event "NB II. Asztalos csoport"]
[Site "Komlo"]
[Date "2023.10.08"]
[Round "1.11"]
[White "Revesz, Denes"]
[Black "Csiszar, Vivien"]
[Result "0-1"]
[WhiteElo "1748"]
[BlackElo "1203"]
[PlyCount "58"]
[EventDate "2023.10.08"]
[EventType "team-tourn"]
[EventRounds "9"]
[EventCountry "HUN"]
[Source "chess.hu"]
[WhiteTeam "Kaposvari Bastya SE"]
[BlackTeam "Komloi BSK"]
[WhiteTeamCountry "HUN"]
[BlackTeamCountry "HUN"]

1. e4 d6 2. d4 Nf6 3. Nc3 Nbd7 4. Be3 e5 5. h3 Be7 6. Bc4 O-O 7. Nge2 c6 8. Qd2
Nxe4 9. Bxf7+ Rxf7 10. Nxe4 d5 11. N4g3 e4 12. O-O Nb6 13. b3 Bd6 14. Rac1 Be6
15. Nf4 Bxf4 16. Bxf4 Qd7 17. Be5 Raf8 18. Nh5 Qe7 19. Qe3 Nd7 20. Bh2 Qh4 21.
Ng3 Bxh3 22. gxh3 Qxh3 23. Qg5 Rf4 24. c4 Rh4 25. Qxh4 Qxh4 26. cxd5 cxd5 27.
Rc7 Nf6 28. Rxg7+ Kh8 29. Nf5 Qh3 0-1

[Event "NB II. Asztalos csoport"]
[Site "Baja"]
[Date "2023.10.08"]
[Round "1.1"]
[White "Haszon, David"]
[Black "Follardt, Lorinc"]
[Result "1/2-1/2"]
[WhiteElo "2250"]
[BlackElo "1954"]
[PlyCount "154"]
[EventDate "2023.10.08"]
[EventType "team-tourn"]
[EventRounds "9"]
[EventCountry "HUN"]
[Source "chess.hu"]
[WhiteTeam "Marcali VSZSE"]
[BlackTeam "Bajai SSC"]
[WhiteTeamCountry "HUN"]
[BlackTeamCountry "HUN"]

1. d4 Nf6 2. Bf4 d5 3. e3 e6 4. Nf3 c5 5. c3 Nc6 6. Nbd2 Nh5 7. Bg5 Be7 8. Bxe7
Qxe7 9. Ne5 Nf6 10. Bb5 Bd7 11. Nxd7 Nxd7 12. Qa4 Qd6 13. O-O O-O 14. c4 cxd4
15. cxd5 Nb6 16. Qc2 Nb4 17. Qb3 N6xd5 18. exd4 a6 19. Bc4 b5 20. Bxd5 Nxd5 21.
Nf3 Rfc8 22. Qd3 Nb4 23. Qe4 Qd5 24. Qf4 Rc2 25. Rfd1 h6 26. a3 Nc6 27. Rac1
Rxc1 28. Qxc1 Rd8 29. Rd2 Qe4 30. Qd1 Na5 31. h3 Nc4 32. Re2 Qf4 33. Qe1 Rd5
34. Qc3 Qd6 35. a4 Nb6 36. a5 Nc4 37. Rc2 e5 38. b3 exd4 39. Qd3 Qa3 40. Nd2
Nd6 41. Qf3 d3 42. Rc6 Qa1+ 43. Kh2 Qe5+ 44. g3 Qd4 45. Kg2 f5 46. Rxa6 Ne4 47.
Qf4 Nxd2 48. Qxd2 Qe4+ 49. Kh2 Qe2 50. Qxe2 dxe2 51. Re6 Rd2 52. Kg2 Kf7 53.
Re3 b4 54. Kf3 Ra2 55. Rxe2 Rxa5 56. Re3 Kf6 57. Rd3 Rc5 58. Ke3 g5 59. f4 Rc1
60. Rd6+ Kg7 61. Rd3 Rc2 62. Kd4 Kf6 63. Kd5 Rc3 64. Kd4 Rc2 65. Rf3 h5 66.
fxg5+ Kxg5 67. Ke5 Re2+ 68. Kd5 Rc2 69. Rf4 Rc3 70. Rxb4 Rxg3 71. h4+ Kf6 72.
Rb6+ Ke7 73. Ke5 Rg4 74. Rb7+ Kd8 75. Kxf5 Rxh4 76. Rh7 Rb4 77. Rxh5 Rxb3
1/2-1/2

[Event "NB II. Asztalos csoport"]
[Site "Baja"]
[Date "2023.10.08"]
[Round "1.2"]
[White "Darazs, Zoltan"]
[Black "Toth, Daniel"]
[Result "0-1"]
[WhiteElo "2023"]
[BlackElo "2078"]
[PlyCount "70"]
[EventDate "2023.10.08"]
[EventType "team-tourn"]
[EventRounds "9"]
[EventCountry "HUN"]
[Source "chess.hu"]
[WhiteTeam "Bajai SSC"]
[BlackTeam "Marcali VSZSE"]
[WhiteTeamCountry "HUN"]
[BlackTeamCountry "HUN"]

1. e4 e5 2. Nf3 Nf6 3. Nxe5 d6 4. Nf3 Nxe4 5. d4 d5 6. Bd3 Be7 7. O-O O-O 8. c4
Nf6 9. Nc3 Bg4 10. h3 Bh5 11. cxd5 Nbd7 12. Re1 Nb6 13. Re5 Bd6 14. Bg5 Bxe5
15. dxe5 h6 16. exf6 hxg5 17. g4 Bg6 18. Bxg6 fxg6 19. Nxg5 Qxf6 20. Nge4 Qe5
21. Qb3 Kh8 22. a4 Rf3 23. a5 Qxe4 24. axb6 Qd4 25. Rf1 Rxh3 26. Qa4 Qxa4 27.
Nxa4 axb6 28. Nc3 Rd3 29. Re1 c6 30. Re6 cxd5 31. Rxb6 d4 32. Ne4 Re8 33. Nc5
Rd1+ 34. Kg2 d3 35. Rxb7 d2 0-1

[Event "NB II. Asztalos csoport"]
[Site "Baja"]
[Date "2023.10.08"]
[Round "1.3"]
[White "Link, Ulrich"]
[Black "Ferenczi, Csaba"]
[Result "1/2-1/2"]
[WhiteElo "2056"]
[BlackElo "1984"]
[PlyCount "118"]
[EventDate "2023.10.08"]
[EventType "team-tourn"]
[EventRounds "9"]
[EventCountry "HUN"]
[Source "chess.hu"]
[WhiteTeam "Marcali VSZSE"]
[BlackTeam "Bajai SSC"]
[WhiteTeamCountry "HUN"]
[BlackTeamCountry "HUN"]

1. d4 Nf6 2. Nc3 d5 3. Bg5 Bf5 4. Bxf6 exf6 5. e3 c6 6. Bd3 Be6 7. Nge2 Bd6 8.
e4 a6 9. Qd2 Qc7 10. f4 dxe4 11. Nxe4 f5 12. Nxd6+ Qxd6 13. c4 Nd7 14. g4 b5
15. b3 g6 16. gxf5 gxf5 17. Qe3 O-O-O 18. a4 bxc4 19. bxc4 Nc5 20. Bc2 Ne4 21.
Bxe4 fxe4 22. d5 cxd5 23. cxd5 Qxd5 24. Kf2 Kb7 25. Rab1+ Ka8 26. Qb6 Rd6 27.
Qe3 Qd3 28. Rhd1 Qxe3+ 29. Kxe3 Rxd1 30. Rxd1 Bg4 31. Rd6 Bxe2 32. Kxe2 Rc8 33.
Rxa6+ Kb7 34. Rh6 Rc4 35. Rxh7 Rxa4 36. Rxf7+ Kc6 37. Ke3 Kd5 38. Rf5+ Kd6 39.
h4 Ra3+ 40. Kxe4 Rh3 41. Rh5 Ke6 42. Rh6+ Kf7 43. Kf5 Kg7 44. Kg4 Rh1 45. Ra6
Rg1+ 46. Kf5 Rh1 47. Ra7+ Kh6 48. Kf6 Rxh4 49. f5 Rb4 50. Re7 Rb6+ 51. Re6 Rb7
52. Rd6 Ra7 53. Ke6 Rb7 54. Rd7 Rb6+ 55. Rd6 Rb7 56. f6 Kg6 57. Rd1 Rb6+ 58.
Rd6 Rxd6+ 59. Kxd6 Kxf6 1/2-1/2

[Event "NB II. Asztalos csoport"]
[Site "Baja"]
[Date "2023.10.08"]
[Round "1.4"]
[White "Arato, Bela"]
[Black "Ferenczy, Mate"]
[Result "1/2-1/2"]
[WhiteElo "2035"]
[BlackElo "2042"]
[PlyCount "92"]
[EventDate "2023.10.08"]
[EventType "team-tourn"]
[EventRounds "9"]
[EventCountry "HUN"]
[Source "chess.hu"]
[WhiteTeam "Bajai SSC"]
[BlackTeam "Marcali VSZSE"]
[WhiteTeamCountry "HUN"]
[BlackTeamCountry "HUN"]

1. e4 c5 2. Nf3 Nc6 3. d4 cxd4 4. Nxd4 Nf6 5. Nc3 e5 6. Ndb5 d6 7. Bg5 a6 8.
Na3 b5 9. Bxf6 gxf6 10. Nd5 Bg7 11. c4 f5 12. cxb5 Ne7 13. Nc4 fxe4 14. b6 O-O
15. Nxe7+ Qxe7 16. Qxd6 Qg5 17. h4 Qf4 18. Be2 e3 19. Nxe3 Bb7 20. O-O Qxh4 21.
Nf5 Qg5 22. Ne7+ Kh8 23. Nc6 Rac8 24. Qe7 Qxe7 25. Nxe7 Rc2 26. Bf3 e4 27. Bg4
e3 28. Nf5 e2 29. Rfe1 Bxb2 30. Rab1 Rg8 31. Ne3 Rxg4 32. Nxg4 Bc3 33. Ne3 Rxa2
34. Rec1 Bd2 35. Rc2 Be4 36. b7 Bxb7 37. Rxa2 e1=Q+ 38. Rxe1 Bxe1 39. Nc4 Bd5
40. Ra1 Bxf2+ 41. Kxf2 Bxc4 42. Ke3 Kg7 43. Kd4 Bb5 44. Ke5 Kg6 45. Ra3 f6+ 46.
Kf4 h5 1/2-1/2